| 000 | 00534nam a22001697a 4500 | ||
|---|---|---|---|
| 005 | 20251108164709.0 | ||
| 008 | 250721s1994 xx 000 0 ara d | ||
| 082 | 1 | 4 | _a759.962/سيد |
| 100 | 1 | _aالقماش، السيد صالح | |
| 245 | 1 | 0 | _aالتصوير الجداري في مقابر بني حسن / |
| 264 | 1 |
_aالقاهرة : _bالهيئة المصرية العامة للكتاب، _c1994. |
|
| 300 | _a239ص | ||
| 650 | 1 | 7 | _aالفراعنة |
| 650 | 1 | 7 | _aالفن المصري |
| 942 |
_2ddc _cBK |
||
| 999 |
_c12108 _d12108 |
||